Statystyki dla Stolice Regionów - Hiszpania

Kliknij tutaj aby rozwiązać quiz!

Ogólne statystyki

  • Ten quiz został rozwiązany 492 razy
  • Średni wynik to 8 z 17

Statystyki odpowiedzi

RegionStolica% Poprawnych
MadrytMadryt
97%
KataloniaBarcelona
96%
AndaluzjaSewilla/Grenada
85%
WalencjaWalencja
84%
MurcjaMurcja/Kartagena
59%
Wyspy KanaryjskieSanta Cruz de Tenerife/Las Palmas
49%
AragoniaSaragossa
47%
Kastylia i LeonValladolid/Burgos/Leon
40%
BalearyPalma de Mallorca
37%
Kastylia-La ManchaToledo/Albacete
37%
NawarraPampeluna
33%
KantabriaSantander
33%
AsturiaOviedo
30%
GalicjaSantiago de Compostela
25%
Kraj BaskówVitoria
23%
EstremaduraMerida
20%
La RiojaLogroño
16%

Rozkład punktacji

Percentyl według liczby udzielonych odpowiedzi

Procent ludzi z każdym wynikiem

Twoja historia wyników

Nie rozwiązałeś tego quizu